Αχαϊα και Νότιος Ιταλία : επικοινωνία, ανταλλαγές και σχέσεις από την αρχαιότητα ως σήμερα : πρακτικά συνεδρίου, Αίγιο, 6-9 Ιουλίου 2006 = L' Achaia e L' Italia Meridionale : contatti, scambi e relazioni dall' antichita ai Nostri Giorni : atti del convegno, Eghio, 6-9 Luglio 2006 /
| Corporate Author: | |
|---|---|
| Other Authors: | , |
| Format: | Book |
| Language: | English Greek Italian |
| Published: |
Αθήνα :
Σήμαεκδοτική,
2011.
|
| Series: | σήμαhistoria ;
1 |
| Subjects: |
| LEADER | 01919nam a22003017i 4500 | ||
|---|---|---|---|
| 003 | GR-PaULI | ||
| 005 | 20210117210444.0 | ||
| 008 | 170919s2006 gr a|||g |||| 10| 0 eng d | ||
| 020 | |a 9789609934930 | ||
| 040 | |a GR-PaULI |b gre |c GR-PaULI |e AACR2 | ||
| 041 | 0 | |a gre |a ita | |
| 082 | 0 | 4 | |a 938.25 |2 23 |
| 110 | 1 | |9 164207 |a Εταιρεία Επιστήμης και Πολιτισμού Αιγιαλείας. |b Εθνικό Ίδρυμα Ερευνών | |
| 245 | 1 | 0 | |a Αχαϊα και Νότιος Ιταλία : |b επικοινωνία, ανταλλαγές και σχέσεις από την αρχαιότητα ως σήμερα : πρακτικά συνεδρίου, Αίγιο, 6-9 Ιουλίου 2006 = L' Achaia e L' Italia Meridionale : contatti, scambi e relazioni dall' antichita ai Nostri Giorni : atti del convegno, Eghio, 6-9 Luglio 2006 / |c επιμέλεια Λ. Δρούλια, Α. Δ. Ριζάκης. |
| 260 | |a Αθήνα : |b Σήμαεκδοτική, |c 2011. | ||
| 300 | |a 441 σ. : |b εικ. ; |c 29 εκ. | ||
| 490 | |a σήμαhistoria ; |v 1 | ||
| 500 | |a Κείμενο στη νεοελληνική γλώσσα και στην ιταλική. | ||
| 504 | |6 Περιαλμβάνει βιβλιογραφικές σημειώσεις. | ||
| 651 | 4 | |9 164216 |a Αχαΐα (Νομός) |x Σχέσεις |x Συνέδρια. |z Ιταλία | |
| 651 | 4 | |9 164217 |a Ιταλία, Νότια |x Σχέσεις |z Ελλάδα |x Συνέδρια. | |
| 651 | 4 | |9 164215 |a Ελλάδα |x Σχέσεις |z Ιταλία. | |
| 700 | 1 | 4 | |9 6112 |a Δρούλια, Λουκία |e επιμελητής |
| 700 | 1 | 4 | |9 2988 |a Ριζάκης, Αθανάσιος Δ. |e επιμελητής |
| 942 | |2 ddc |c BK15 | ||
| 952 | |0 0 |1 0 |2 ddc |4 0 |6 938_250000000000000_ΔΡΟ |7 0 |9 215123 |a THST |b THST |d 2017-09-19 |i 012351 |l 0 |o 938.25 ΔΡΟ |p 025000199575 |r 2017-09-19 00:00:00 |t 1 |v 2017.00 |w 2017-09-19 |y BK15 | ||
| 998 | |c ΜΑΝΙΑ |d 2017-09 | ||
| 999 | |c 130716 |d 130716 | ||